000 01092cab a2200217 4500
001 ABS37629
008 090401t1987 xxu||||| |||| 00| 0 eng d
035 _a(Sirsi) u5709
041 _aeng
100 _aAvis, M.
245 _aRoom for improvement
260 _c1987
350 _a0
490 _aEstates Gazette
_v282 (6331) 25 April 1987, 416 (1)
520 _aA survey of senior partners in general practice carried out by the Department of Land Management and Development, University of Reading found that several partners were aware that they were too busy doing the work to manage the firm. It highlights a range of main problem areas and conflicts arising between the separation of professional and business thinking. The study reveals that chartered surveyors will have to change rapidly with management being taken more seriously for the sake of their own partnerships and the advancement of the profession.
650 _aPRACTICE MANAGEMENT
690 _aMANAGEMENT-BUSINESS MANAGEMENT-PROFESSIONAL PRACTICE
700 _aGibson, V.
942 _n0
948 _c04/03/1997
999 _c3404
_d3404